Tin Marín : / obra de teatro infantil en un solo acto

Uloženo v:
Podrobná bibliografie
Hlavní autor: Arango, Alfredo A.
Médium: Kniha
Jazyk:Spanish
Vydáno: Panamá: A. Arango : Impresión Educativa, c1979
Témata:
Tagy: Přidat tag
Žádné tagy, Buďte první, kdo vytvoří štítek k tomuto záznamu!

MARC

LEADER 00000nam a22000007a 4500
008 140819s1979 p aaaag |||| 000 d spa d
082 |a P862.44  |b A662t 
100 1 |a Arango, Alfredo A. 
245 1 0 |a Tin Marín : /  |b obra de teatro infantil en un solo acto  |c Alfredo A. Arango 
260 |a Panamá:  |b A. Arango : Impresión Educativa,   |c c1979 
300 |a 43 páginas:  |b ilustraciones 
650 1 0 |9 52  |a LITERATURA PANAMEÑA  |v TEATRO 
650 1 0 |a LITERATURA INFANTIL 
650 1 0 |a TEATRO ESCOLAR E INFANTIL 
942 |2 ddc  |c BK 
999 |c 3398  |d 3398